• 首页
  • 本馆介绍
  • 公告通知
  • 最新文献
  • 馆藏检索
  • 电子资源
  • 读者导购
  • 参考咨询
  • 我的图书馆
  • 登录
  • 详细信息显示
  • 放入我的书架
  • 预约/预借图书
  • 作者相关作品
  • 分类相关作品
  • 丛书相关作品
  • 出版社相关作品

书目信息

  • 表格格式
  • 工作单格式
  • 卡片格式
题名:
不要把时间浪费在无效社交上
    
 
作者: 王利利 著
分册:  
出版信息: 北京   台海出版社  2018
页数: 236页
开本: 24cm
丛书名:
单 册:
中图分类: B848.4-49 , C912.11-49
科图分类:
主题词: 成功心理--cheng gong xin li--通俗读物 , 心理交往--xin li jiao wang--通俗读物
电子资源:
ISBN: 978-7-5168-2070-4
000 00771nam0 2200253 450
001 012001002572
005 20131023163210.0
010    @a978-7-5168-2070-4@dCNY39.80
099    @aCAL 012019084412
100    @a20190701d2018 em y0chiy50 ea
101 0  @achi
102    @aCN@b110000
105    @ay z 000yy
106    @ar
200 1  @a不要把时间浪费在无效社交上@Abu yao ba shi jian lang fei zai wu xiao she jiao shang@f王利利著
210    @a北京@c台海出版社@d2018
215    @a236页@d24cm
606 0  @a成功心理@Acheng gong xin li@j通俗读物
606 0  @a心理交往@Axin li jiao wang@j通俗读物
690    @aB848.4-49@v5
690    @aC912.11-49@v5
701  0 @a王利利@Awang li li@4著
801  0 @aCN@b江苏凤凰@c20191020
905    @b1225121-4@dB848.4-49@e3209@f4
    
    不要把时间浪费在无效社交上/王利利著.-北京:台海出版社,2018
    236页;24cm
    
    
    ISBN 978-7-5168-2070-4:CNY39.80
    
●
相关链接 在E读中查询图书 在五车中查询图书 在当当中查询图书 在豆瓣中查询图书


正题名:不要把时间浪费在无效社交上     索取号:B848.4-49/3209         预约/预借

序号 登录号 条形码 馆藏地/架位号 状态 备注
1 1225121   212251212   第一样本阅览室/ [索取号:B848.4-49/3209] 在馆    
2 1225122   212251221   教育系资料室/ [索取号:B848.4-49/3209] 在馆    
3 1225123   212251230   教育系资料室/ [索取号:B848.4-49/3209] 在馆    
4 1225124   212251249   第一借阅区/ [索取号:B848.4-49/3209] 在馆    
唐山师范学院图书馆 欢迎您!
大连网信软件有限公司© 版权所有